000 00524nam a2200169Ia 4500
008 090124s9999 xx 000 0 und d
082 _b46172
100 _aऔरंगाबादकर अनुराधा
245 _a हास्यकळा
250 _a0
300 _a152
600 _aऔरंगाबादकर अनुराधा
630 _a हास्यकळा
700 _aऔरंगाबादकर अनुराधा
730 _a हास्यकळा
942 _cBOOK
999 _c112394
_d112394